000
00292nam a22001337a 4500
082
_a
823
_b
RAM/F
100
_a
RAMESH, B,G
245
_a
FOLK TALES
260
_a
BANGALORE
_b
GANESH PUBLICATIONS
_c
2006
300
_a
118
520
_a
SHORT STORY
650
_a
ENGLISH SHORT STORY
942
_c
BK
999
_c
3495
_d
3495